000 00858cam a2200229 a 4500
999 _c668
_d668
005 20180122120334.0
008 040928s1992 ck a r 00010 spa d
040 _ala
_cla
_dCO-BoIAVH
041 0 _aspa
044 _ack
090 _aIND-
_b76
100 1 _aAlvarado Zambrano, Bernabe.
245 1 0 _aAspectos sobre manejo y recuperación de arboles ornamentales /
_cpor Bernabe Alvarado Zambrano.
260 _aSantafé de Bogotá :
_bMinisterio de agricultura :
_bInderena,
_c1992.
300 _a61 páginas :
_bilustraciones ;
_c24 x 17 cm.
504 _aIncluye bibliografía.
650 4 _aÁrboles ornamentales
_x Cultivo
_z Colombia.
650 6 _aPlantas leñosas ornamentales
_x Cultivo
_z Colombia.
650 4 _aCultivos forestales
_z Colombia.
650 6 _aCultivos leñosos
_z Colombia.
942 _2z
_cLIBRO